| 000 | 00444nam a2200157Ia 4500 | ||
|---|---|---|---|
| 008 | 230718s9999 xx 000 0 und d | ||
| 041 | _aeng | ||
| 082 |
_a005.678 _bBEL |
||
| 100 |
_aBellinaso M. _9107544 |
||
| 245 |
_aASP .Net Website Programming _bProblem Design Solution |
||
| 260 |
_c2003 _bSPD |
||
| 300 | _a545 | ||
| 365 |
_cRs. _b500.00 |
||
| 700 |
_aBellinaso M. & Hoffman K. _9107546 |
||
| 906 |
_dB:7291/21.1.0530-Aug-2005 _cCOMP _b100 |
||
| 999 |
_c309604 _d309604 |
||